Этимологический анализ деривационных особенностей терминологических единиц научного стиля в английских текстах сферы возобновляемых источников энергии (ВИЭ); Язык и мировая культура: взгляд молодых исследователей; Ч. 1

Detalles Bibliográficos
Parent link:Язык и мировая культура: взгляд молодых исследователей: сборник материалов XIV Всероссийской научно-практической конференции, г. Томск, 26-28 апреля 2014 г./ Национальный исследовательский Томский политехнический университет (ТПУ) ; под ред. Н. А. Качалова.— , 2014
Ч. 1.— 2014.— [С. 83-85]
Autor Principal: Зяблова Н. Н. Наталия Николаевна
Autor Corporativo: Национальный исследовательский Томский политехнический университет (ТПУ) Физико-технический институт (ФТИ) Кафедра иностранных языков физико-технического института (ИЯФТ)
Summary:Заглавие с титульного экрана
Idioma:ruso
Publicado: 2014
Subjects:
Acceso en liña:http://earchive.tpu.ru/handle/11683/20582
http://www.lib.tpu.ru/fulltext/c/2014/C89/V1/026.pdf
Formato: Electrónico Capítulo de libro
KOHA link:https://koha.lib.tpu.ru/cgi-bin/koha/opac-detail.pl?biblionumber=611533

MARC

LEADER 00000naa2a2200000 4500
001 611533
005 20231227121456.0
035 |a (RuTPU)RU\TPU\conf\9329 
035 |a RU\TPU\conf\9327 
090 |a 611533 
100 |a 20150402d2014 k y0rusy50 ca 
101 0 |a rus 
102 |a RU 
105 |a y z 101zy 
135 |a drcn ---uucaa 
181 0 |a i  
182 0 |a b 
200 1 |a Этимологический анализ деривационных особенностей терминологических единиц научного стиля в английских текстах сферы возобновляемых источников энергии (ВИЭ)  |f Н. Н. Зяблова 
203 |a Текст  |c электронный 
300 |a Заглавие с титульного экрана 
320 |a [Библиогр.: с. 85 (9 назв.)] 
337 |a Adobe Reader 
461 1 |0 (RuTPU)RU\TPU\conf\9284  |t Язык и мировая культура: взгляд молодых исследователей  |o сборник материалов XIV Всероссийской научно-практической конференции, г. Томск, 26-28 апреля 2014 г.  |o в 2 ч.  |f Национальный исследовательский Томский политехнический университет (ТПУ) ; под ред. Н. А. Качалова  |d 2014 
463 0 |0 (RuTPU)RU\TPU\conf\9285  |t Ч. 1  |v [С. 83-85]  |d 2014 
610 1 |a труды учёных ТПУ 
610 1 |a электронный ресурс 
610 1 |a этимология 
610 1 |a деривация 
610 1 |a научный стиль 
610 1 |a английский язык 
610 1 |a возобновляемые источники 
700 1 |a Зяблова  |b Н. Н.  |c лингвист  |c доцент Томского политехнического университета, кандидат филологических наук  |f 1976-  |g Наталия Николаевна  |3 (RuTPU)RU\TPU\pers\32081  |9 16120 
712 0 2 |a Национальный исследовательский Томский политехнический университет (ТПУ)  |b Физико-технический институт (ФТИ)  |b Кафедра иностранных языков физико-технического института (ИЯФТ)  |3 (RuTPU)RU\TPU\col\18736 
801 2 |a RU  |b 63413507  |c 20220225  |g RCR 
856 4 |u http://earchive.tpu.ru/handle/11683/20582 
856 4 |u http://www.lib.tpu.ru/fulltext/c/2014/C89/V1/026.pdf 
942 |c BK